Catàleg del Col·legi de Periodistes de Catalunya

La premsa actual (Registre núm. 2196)

000 -CABECERA
Longitud fija campo de control 00808nam a2200253 a 4500
001 - NÚMERO DE CONTROL
Número de control 2196
003 - IDENTIFICADOR DEL NÚMERO DE CONTROL
Identificador del número de control CDMR
005 - FECHA Y HORA DE LA ÚLTIMA TRANSACCIÓN
Fecha y hora de la última transacción 20131126121426.0
008 - CÓDIGOS DE INFORMACIÓN DE LONGITUD FIJA
Códigos de información de longitud fija 130130s1981||||||||||||||||||||||||||||d
020 ## - NÚMERO INTERNACIONAL NORMALIZADO PARA LIBROS
Número Internacional Normalizado para Libros (ISBN) 8429317056
040 ## - FUENTE DE LA CATALOGACIÓN
Centro catalogador de origen CDMR
Lengua de catalogación cat
Centro transcriptor CDMR
100 1# - PUNTO DE ACCESO PRINCIPAL-NOMBRE DE PERSONA
Nombre de persona Casasús, Josep Maria
9 (RLIN) 799
245 13 - MENCIÓN DE TÍTULO
Título La premsa actual
Resto del título : introducció als models de diari
Mención de responsabilidad, etc. Josep M. Casasús, Xavier Roig ; pròleg de Josep Parnau
260 ## - PUBLICACIÓN, DISTRIBUCIÓN, ETC. (PIE DE IMPRENTA)
Lugar de publicación, distribución, etc. Barcelona
Fecha de publicación, distribución, etc. 1981
Nombre del editor, distribuidor, etc. Edicions 62
300 ## - DESCRIPCIÓN FÍSICA
Extensión 202 p.
Dimensiones 18 cm
490 0# - MENCIÓN DE SERIE
Mención de serie Llibres a l'abast
Designación de volumen o secuencia 163
586 ## - NOTA DE PREMIOS
Nota de premios IV Premi Xarxa
650 04 - PUNTO DE ACCESO ADICIONAL DE MATERIA - TÉRMINO DE MATERIA
9 (RLIN) 4374
Término de materia o nombre geográfico como elemento inicial Periodisme
Subdivisión de materia general Manuals, guies, etc
650 04 - PUNTO DE ACCESO ADICIONAL DE MATERIA - TÉRMINO DE MATERIA
9 (RLIN) 311
Término de materia o nombre geográfico como elemento inicial Empreses periodístiques
650 04 - PUNTO DE ACCESO ADICIONAL DE MATERIA - TÉRMINO DE MATERIA
9 (RLIN) 3098
Término de materia o nombre geográfico como elemento inicial Diaris
Subdivisión de materia general Compaginació i composició
700 1# - PUNTO DE ACCESO ADICIONAL - NOMBRE DE PERSONA
Nombre de persona Roig, Xavier
9 (RLIN) 4388
Fechas asociadas al nombre 1946-
700 1# - PUNTO DE ACCESO ADICIONAL - NOMBRE DE PERSONA
Nombre de persona Pernau, Josep
9 (RLIN) 544
Código de función pr.
942 ## - ENTRADA DE ELEMENTOS AGREGADOS (KOHA)
Koha [por defecto] tipo de item Monografies
Fuente de clasificaión o esquema
Fons
Suprimido Perdido Estropeado No para préstamo Localización permanente Localización actual Fecha adquisición Préstamos totales Signatura completa Código de barras Fecha última consulta Fecha del precio de reemplazo Tipo de item de Koha
        CPC Lleida CPC Lleida 2011-08-08   483PER LLEIDA13111118 2013-01-16 2013-01-16 Monografies
        Centre de Documentació Montserrat Roig Centre de Documentació Montserrat Roig 2013-01-16   Da 1/19 CDMR13110115 2013-01-16 2013-01-16 Monografies

Implantat amb Koha